000 00503nmm a2200157Ia 4500
008 251105s9999||||xx |||||||||||||||||und||
020 _a9789562849173
041 _aspa
100 _aPrograma de Estudios Europeos
245 0 _aEuropa - América Latina : Dos caminos, ¿un destino común?
264 _a[Santiago de Chile, Chile] :
_bRil editores,
_c2012
300 _a280 páginas
650 _aPolitical Science (General)
856 _uhttps://public.digitaliapublishing.com/a/25553
942 _cCF
999 _c94588
_d94588